Art history as cultural history (Registro nro. 324020)

Detalles MARC
000 -ENCABEZADO
Número de control [NR] 01888nam a22002777a 4500
005 - FECHA Y HORA DE LA ÚLTIMA TRANSACCIÓN
control field 20240604072438.0
008 - DE LONGITUD FIJA DE DATOS DE ELEMENTOS - INFORMACIÓN GENERAL
Elementos de longitud fija [NR] 240318b ||||| |||| 00| 0 eng d
020 ## - NUMERO INTERNACIONAL NORMALIZADO PARA LIBROS [R]
Número Internacional Normalizado del libro [NR] 9057010232
020 ## - NUMERO INTERNACIONAL NORMALIZADO PARA LIBROS [R]
Número Internacional Normalizado del libro [NR] 9057010038
040 ## - FUENTE DE CATALOGACION [NR]
Agencia de catalogación original [NR] CO-BoUCM
Quien Cataloga David Moreno
Quien Clasifica David Moreno
041 ## - CODIGO DE IDIOMA [R]
Código de idioma para texto/pista de sonido o título separado [R] Inglés
245 00 - MENCION DE TITULO [NR]
Título [NR] Art history as cultural history
Parte restante del título [NR] Warburg's projects
Mención de responsabilidad, etc. [NR] edited by Richard Woodfield
260 ## - PUBLICACION, DISTRIBUCION, ETC. (PIE DE IMPRENTA) [R]
Lugar de publicación, distribución, etc. [R] Amsterdam
Nombre del editor, distribuidor, etc. [R] Routledge
Fecha de publicación, distribución, etc. [R] 2001
300 ## - DESCRIPCION FISICA [R]
Extensión [R] x, 293 Paginas
Otros detalles físicos [NR] ilustraciones
490 1# - MENCION DE SERIE [R]
Mención de serie [R] Critical voices in art, theory and culture
504 ## - NOTA DE BIBLIOGRAFIA, ETC. [R]
Nota de bibliografía, etc. [NR] Incluye referencias bibliográficas
505 ## - NOTA DE CONTENIDO CON FORMATO PREESTABLECIDO [R]
Mención de responsabilidad [R] The entry of the idealizing classical style in the painting of early Renaissance / Aby Warburg -- Warburg centenary lecture / Ernst H. Gombrich -- The nineteenth century notion of a pagan revival / Ernst H. Gombrich -- Aby Warburg and the cultural historian Karl Lamprecht / Kathryn Brush -- Making a reception for Warburg : Fritz Saxl and Warburg's book Heidnisch-antike Weissagung in Wort und Bild zu Luthers Zeiten / Dorothea McEwan -- Mimesis and allegory : on Aby Warburg and Walter Benjamin / Matthew Rampley -- Urania redux : a view of Aby Warburg's writings on astrology and art / Kristen Lippincott -- "Serious issues" : the last plates of Warburg's picture atlas Mnemosyne / Charlotte Schoell-Glass -- Aby Warburg and the Florentine Intermedi of 1859 : extending the boundaries of art history / Peg Katritzky -- Warburg's "method" / Richard Woodfield.
600 10 - ASIENTO SECUNDARIO DE MATERIA - NOMBRE PERSONAL [R]
Nombre personal [NR] Warburg, Aby
Fechas asociadas con el nombre [NR] 1866-1929
Subdivisión general [R] Criticism and interpretation
9 (RLIN) 180303
650 14 - ASIENTO SECUNDARIO DE MATERIA - TERMINO TEMATICO [R]
Término temático o nombre geográfico como elemento de entrada [NR] Arte Moderno
Subdivisión cronológica [R] Siglo XX
9 (RLIN) 28953
650 14 - ASIENTO SECUNDARIO DE MATERIA - TERMINO TEMATICO [R]
Término temático o nombre geográfico como elemento de entrada [NR] Arte
Subdivisión general [R] Filosofía
9 (RLIN) 54815
650 14 - ASIENTO SECUNDARIO DE MATERIA - TERMINO TEMATICO [R]
Término temático o nombre geográfico como elemento de entrada [NR] Historiadores del arte
Subdivisión geográfica [R] Inglaterra
9 (RLIN) 180304
700 1# - ASIENTO SECUNDARIO - NOMBRE PERSONAL [R]
Nombre personal [NR] Woodfield, Richard
Término de relación [R] editor
9 (RLIN) 174942
830 #0 - ASIENTO SECUNDARIO DE SERIE--TITULO UNIFORME [R]
Título uniforme [NR] Critical voices in art, theory and culture
9 (RLIN) 180305
942 ## - ELEMENTOS DE ENTRADA AGREGADOS (KOHA)
Sistema de clasificación DEWEY
Tema principal Arte
Tipo de ítem principal el descrito en 300a Libro
Edición 1
Clasificación 700
Parte restante de la signatura top. A787a
Título oculto en OPAC No
Existencias
Signatura topográfica Código de barras Última vez visto Ejemplar Price effective from Tipo de ítem Perdido Sistema de clasificación Dañado No prestable Tipo de ítem específico Suprimido Ubicación habitual Ubicación actual Localización Fecha de creación Forma de adquisición Costo
700 A787a 100172418 06/12/2025 Ej.1 18/03/2024 Libro   DEWEY     Libro   Claustro Claustro 2do piso 18/03/2024 Compra 250536.00